| 000 | 00345nam a2200133Ia 4500 | ||
|---|---|---|---|
| 008 | 160114s9999 xx 000 0 und d | ||
| 020 | _a1844430960 | ||
| 050 | _a796.22 | ||
| 050 | _b.P882s 2003 | ||
| 100 | _aPowell, Ben. | ||
| 245 |
_aSkateboarding / _cBen Powell. |
||
| 260 |
_aItaly _bBritish Library Cataloguing _c2003 |
||
| 300 | _a31 pages; | ||
| 999 |
_c290292 _d290292 |
||